| 000 | 00349nam a2200133Ia 4500 | ||
|---|---|---|---|
| 008 | 231129s1989||||xx |||||||||||||| ||spa|| | ||
| 040 | _bspa | ||
| 082 | _a344.861 C133m | ||
| 100 | _aCaicedo Ferrer Juan Martin | ||
| 245 | 0 | _aMemoria al Congreso Nacional 1988-1989 | |
| 260 | _c1989 | ||
| 264 | _aImprenta Nacional de Colombia | ||
| 942 |
_2ddc _cBKS |
||
| 999 |
_c20903 _d20903 |
||